000 00814cam a22002531 4500
001 gs 39000114
003 DLC
005 20260227111344.0
008 790615s1938 nbu b s000 0 eng
010 _ags 39000114
035 _a(OCoLC)5069566
040 _aDLC
_cTxCM
_dDLC
042 _apremarc
050 0 0 _aQE135
_b.A43 no. 12
100 1 _aCondra, Geo. E.
_q(George Evert),
_d1869-1958.
245 1 4 _aThe Redfield anticline of Nebraska and Iowa,
_cby G. E. Condra and E. C. Reed.
260 _a[Lincoln]
_bPublished by authority of the state of Nebraska,
_c1938.
300 _a19 p.
410 2 0 _aNebraska Geological Survey
_tPaper
_vno. 12
504 _a"List of references": p. 18-19.
650 0 _aGeology
_zNebraska.
650 0 _aGeology
_zIowa.
700 1 _aReed, E. C.
_q(Eugene Clifton),
_d1901-
999 _c27531
_d27531